000 01201cam a2200241 4500
001 ##L132247
002 ##8991
008 060120n2004 000 0 eng u
020 _a1843303736
035 _a(Sirsi) u132247
041 0 _aeng
050 0 4 _a690.231 $2 18
100 1 _aHymers, Paul
245 0 0 _aHome extensions
_bthe complete handbook
260 _aLondon
_bNew Holland
_c2004
300 _a176pp
_c21cm.
350 _a7.99
505 2 _aIntroduction -- Section one: planning -- preliminaries -- plans -- builders -- Section two: substructure -- superstructure -- internal work -- external work --Glossary -- Useful phone numbers.
520 _aProvides all the information needed to proceed with a home extension whether do-it-yourself or subcontracting all or some of the work. Covers: designing the extension - DIY versus professional help, substructure, superstructure, internal and external work, site inspection, drainage and restrictive covenants, builders and architects - how to employ, and finance, insurance and warranty schemes.
651 4 _aUnited Kingdom
_y
690 _aBUILT ENVIRONMENT-CONSTRUCTION MANAGEMENT-CONSTRUCTION DESIGN AND MANAGEMENT
942 _n0
999 _c105070
_d105070